Регионална библиотека "Любен Каравелов" - Русе

Dictionnaire des termes employеs dans la construction (Запис номер 420427)

MARC детайли
000 -Лидер
Контролно поле с фиксирана дължина nam a22 a 4500
003 - Код на организацията, давaща контролен номер
Контролно поле BLK
005 - Дата и час на последна редакция
Контролно поле 20220803121753.0
008 - Елементи от данни с фиксирана дължина
fixed length control field 180412b bul rap|r|||| r0| ||bulo|
040 ## - Източник на каталожния запис
Идентификатор на билиотеката - собственик на записа BLK
041 ## - Код за език
Код за езика на текст/звукозапис или на отделно заглавие Френски
Код за езика КДБФ Френски
080 ## - УДК
Текстов определител УДК Архитектура
УДК код - определител по УДК 72
УДК определител =(049.1)
УДК - код + определител 72=(049.1)
080 ## - УДК
Текстов определител УДК Строителство. Строителни материали. Строително-монтажни работи
УДК код - определител по УДК 69
УДК определител =(049.1)
УДК - код + определител 72:69=(049.1)
100 ## - Редна дума - Автор
Автор Chabat, Pierre
Авторска отговорност първи автор
R(LIN) 1299
139 ## - Редно поле
Редна дума Chabat, Pierre
245 10 - Сведения за заглавието
Заглавие Dictionnaire des termes employеs dans la construction
Редно поле (дума) Pierre Chabat
Подзаглавни данни PL.-ZO.
250 ## - Област на изданието
Сведения за изданието 2 изд
260 ## - Област на издателските данни
Място на издаване, разпространение и проч. Paris
Име на издателя, разпространителя и проч. Ve A. Morel et cie
Година на издаване 1881
9 (RLIN) 458232
300 ## - Физическа характеристика
Страници 688 с.
Размери/Мащаб 26 см
380 ## - Жанр
Жанр Изкуство
490 ## - СЕРИИ (Колекции)
9 (RLIN) 435080
Име на серия Колекция Редки и ценни издания
650 #7 - Допълнително описание по предмет – тема
Основно описание – тема или топоним Строителство
9 (RLIN) 172631
653 #0 - Ключова дума – ненормативна
Ключова дума речник, терминологичен НЕ ползвай!!!
9 (RLIN) 458233
852 ## - Местоположение
Форматна сигнатура Рф 881
Фондова буква Редки и ценни
856 4# - Електронен адрес и достъп
Електронен формат pdf - файл
Път до файла /url/
856 4# - Електронен адрес и достъп
Електронен формат pdf - файл
Път до файла /url/
999 ## - СИСТЕМНИ КОНТРОЛНИ НОМЕРА
Koha biblionumber 420427
Koha biblioitemnumber 420427
942 ## - АРТИКУЛИ
Вид на библиотечния материал Книги
Скрит в OPAC Не
Периодичен библиозапис Да
944 ## - СЪЗДАВАНЕ И РЕДАКЦИЯ на ЗАПИСА
Създаване/Редакция Създаване
Дата на регистрацията/редакция 2021-06-18
Статус, дата на статуса 2021-06-18
Служител, извършил регистрацията/редакцията К.Д.
999 ## - СИСТЕМНИ КОНТРОЛНИ НОМЕРА
Koha biblioitemnumber 420427
Наличности
Код за отписване Код за изгубен артикул Източник на класификационната схема Код за повреда Коз за рестрикции Код за отдаване Артикулен № Име на библиотеката - собственик Име на библиотеката, в която се намира в момента Статус (Текущо местоположение) Дата на вписване в системата Местоположение - отдел Цена в лева Инвентарен номер Систематично азбучна сигнатура Баркод Цена в евро Служебен тип на артикула
  Не е изгубен Universal Decimal Classification Не е повреден само за читалня Специални фондове ( старопечатни, редки и ценни, фонд М. Арнаудов) 854921 Регионална библиотека "Любен Каравелов" Русе Регионална библиотека "Любен Каравелов" Русе Редки и ценни 2021-09-24 Редки и ценни 1.38 15084-IV Рф 881 900000065197 0.71 Книги
Vip Innovations Ltd, Rousse, Bulgaria 2025